00842nam a22002417a 450000500170000001000130001702000230003003500130005303700160006604000120008208200170009410000290011124500910014026000450023127000470027630000320032365000200035565000240037570000280039994200260042799900190045395201280047220170124110202.0 aA-939406 c295.00a8120313968 aA-939406 bCen Lib/Ret aDPLbEN a005.754bHAY aHayes, William B.936417 aUsing special edition :cby William B. Haynes [and] Charles A. WoodbPower Builder 6 / aNew DelhibPrentice Hall of India c1998 aM-97, Connaught Circus bNew Delhie110001 axx, 850p. :c24cm(Hb)bill. aInternet992169 aPowerBuilder936419 aWood, Charles A.936420 2ddccENh005.754mHAY c132989d132989 00104070aLbLd2015-07-24eCen Lib/Retg295.00l0o005.754 HAYpA-939406r2015-07-24 00:00:00t1v295.00w2015-07-24yEN